[Event "PMPJ 2022 - C17"]
[Site "Jastrzebia Gora"]
[Date "2022.11.07"]
[Round "2.14"]
[White "Kaczmarek, Jan"]
[Black "Wiosna, Krzysztof"]
[Result "1-0"]
[BlackElo "1159"]
[WhiteElo "1786"]
[LiveChessVersion "1.4.8"]

1. e4 {[%clk 1:30:54]} c5 {[%clk 1:30:57]} 2. Nf3 {[%clk 1:31:17]} d6
{[%clk 1:31:23]} 3. Bb5+ {[%clk 1:31:35]} Bd7 {[%clk 1:31:47]} 4. Bxd7+
{[%clk 1:31:55]} Qxd7 {[%clk 1:32:11]} 5. c4 {[%clk 1:31:55]} Nc6
{[%clk 1:30:55]} 6. d4 {[%clk 1:30:55]} cxd4 {[%clk 1:30:33]} 7. Nxd4
{[%clk 1:31:19]} Nf6 {[%clk 1:30:56]} 8. Nc3 {[%clk 1:31:33]} g6 {[%clk 1:24:47]}
9. Be3 {[%clk 1:24:37]} Bg7 {[%clk 1:25:09]} 10. f3 {[%clk 1:20:25]} O-O
{[%clk 1:24:31]} 11. O-O {[%clk 1:20:16]} a6 {[%clk 1:21:08]} 12. Qd2
{[%clk 1:17:35]} Rfd8 {[%clk 1:16:14]} 13. Rad1 {[%clk 1:14:56]} e6
{[%clk 1:02:06]} 14. Qe2 {[%clk 0:55:19]} d5 {[%clk 0:47:48]} 15. Nb3
{[%clk 0:52:11]} d4 {[%clk 0:36:27]} 16. Nxd4 {[%clk 0:50:54]} Nxe4
{[%clk 0:34:34]} 17. Nxe4 {[%clk 0:44:28]} Nxd4 {[%clk 0:34:43]} 18. Qf2
{[%clk 0:43:53]} e5 {[%clk 0:33:37]} 19. Bg5 {[%clk 0:41:38]} Re8
{[%clk 0:29:00]} 20. Qh4 {[%clk 0:33:07]} Qc6 {[%clk 0:24:25]} 21. Rfe1
{[%clk 0:27:26]} f5 {[%clk 0:19:52]} 22. Nf6+ {[%clk 0:25:51]} Bxf6
{[%clk 0:20:02]} 23. Bxf6 {[%clk 0:26:18]} Qb6 {[%clk 0:13:17]} 24. Kh1
{[%clk 0:26:32]} Re6 {[%clk 0:08:11]} 25. Bxe5 {[%clk 0:21:18]} Rae8
{[%clk 0:08:35]} 26. Rxd4 {[%clk 0:21:24]} Rxe5 {[%clk 0:08:42]} 27. Rxe5
{[%clk 0:21:38]} Rxe5 {[%clk 0:09:00]} 28. Rd8+ {[%clk 0:22:01]} Kg7
{[%clk 0:03:04]} 29. Rd7+ {[%clk 0:22:19]} Kf8 {[%clk 0:03:05]} 30. h3
{[%clk 0:21:36]} Qe6 {[%clk 0:00:40]} 31. Rxh7 {[%clk 0:19:47]} Re1+
{[%clk 0:00:49]} 32. Kh2 {[%clk 0:20:15]} Qd6+ {[%clk 0:00:39]} 33. f4
{[%clk 0:20:32]} Re4 {[%clk 0:00:47]} 34. Rxb7 {[%clk 0:15:20]} Qxf4+
{[%clk 0:00:59]} 35. Qxf4 {[%clk 0:15:44]} Rxf4 {[%clk 0:01:22]} 36. b3
{[%clk 0:15:47]} Rf2 {[%clk 0:01:31]} 37. a4 {[%clk 0:15:23]} Rb2
{[%clk 0:00:48]} 38. c5 {[%clk 0:14:26]} f4 {[%clk 0:00:38]} 39. Kg1
{[%clk 0:14:01]} Rc2 {[%clk 0:00:45]} 40. b4 {[%clk 0:13:47]} a5 {[%clk 0:00:45]}
41. bxa5 {[%clk 0:13:52]} Rxc5 {[%clk 0:00:56]} 42. a6 {[%clk 0:14:15]} 1-0

[Event "PMPJ 2022 - C17"]
[Site "Jastrzebia Gora"]
[Date "2022.11.07"]
[Round "2.15"]
[White "Rychlik, Michal"]
[Black "Bednarczyk, Mateusz"]
[Result "1-0"]
[BlackElo "1756"]
[WhiteElo "1604"]
[LiveChessVersion "1.4.8"]

1. c4 {[%clk 1:30:51]} Nf6 {[%clk 1:30:56]} 2. Nc3 {[%clk 1:31:18]} g6
{[%clk 1:31:23]} 3. g3 {[%clk 1:31:45]} Bg7 {[%clk 1:31:49]} 4. Bg2
{[%clk 1:32:11]} O-O {[%clk 1:32:14]} 5. d4 {[%clk 1:32:38]} d6 {[%clk 1:32:41]}
6. Nf3 {[%clk 1:33:05]} Nc6 {[%clk 1:32:17]} 7. O-O {[%clk 1:33:25]} a6
{[%clk 1:32:38]} 8. Bf4 {[%clk 1:33:46]} Bg4 {[%clk 1:29:52]} 9. Qd2
{[%clk 1:23:20]} Nd7 {[%clk 1:22:51]} 10. d5 {[%clk 1:18:54]} Bxf3
{[%clk 1:22:52]} 11. exf3 {[%clk 1:17:53]} Nce5 {[%clk 1:22:24]} 12. b3
{[%clk 1:17:20]} Rb8 {[%clk 0:58:00]} 13. Be3 {[%clk 1:10:55]} b5
{[%clk 0:51:24]} 14. cxb5 {[%clk 1:00:51]} axb5 {[%clk 0:51:42]} 15. f4
{[%clk 1:00:21]} Ng4 {[%clk 0:52:02]} 16. Bd4 {[%clk 1:00:45]} Ngf6
{[%clk 0:51:27]} 17. Rac1 {[%clk 0:58:50]} Nc5 {[%clk 0:26:04]} 18. b4
{[%clk 0:56:28]} Na4 {[%clk 0:14:22]} 19. Nxa4 {[%clk 0:43:15]} bxa4
{[%clk 0:14:47]} 20. Rc6 {[%clk 0:42:51]} Qd7 {[%clk 0:08:54]} 21. Rfc1
{[%clk 0:42:39]} Rfc8 {[%clk 0:08:34]} 22. Bf1 {[%clk 0:42:08]} Ra8
{[%clk 0:02:57]} 23. Ba6 {[%clk 0:39:59]} Rxa6 {[%clk 0:00:33]} 24. Rxa6
{[%clk 0:36:47]} Qf5 {[%clk 0:00:32]} 25. Bxf6 {[%clk 0:35:43]} Bxf6
{[%clk 0:00:50]} 26. Rac6 {[%clk 0:35:14]} g5 {[%clk 0:00:40]} 27. R6c4
{[%clk 0:30:56]} Kh8 {[%clk 0:00:48]} 28. fxg5 {[%clk 0:25:36]} Bxg5
{[%clk 0:01:10]} 29. Qd4+ {[%clk 0:25:44]} Bf6 {[%clk 0:00:47]} 30. Qg4
{[%clk 0:23:53]} Qxg4 {[%clk 0:01:03]} 31. Rxg4 {[%clk 0:24:17]} Be5
{[%clk 0:00:40]} 32. b5 {[%clk 0:24:25]} Rb8 {[%clk 0:00:52]} 33. Rxc7
{[%clk 0:23:58]} h5 {[%clk 0:01:16]} 34. Rb4 {[%clk 0:23:59]} e6 {[%clk 0:01:25]}
35. b6 {[%clk 0:23:58]} exd5 {[%clk 0:01:46]} 36. b7 {[%clk 0:24:18]} 1-0

[Event "PMPJ 2022 - C17"]
[Site "Jastrzebia Gora"]
[Date "2022.11.07"]
[Round "2.16"]
[White "Krasniewski, Szymon"]
[Black "Dysko, Michal"]
[Result "1/2-1/2"]
[BlackElo "1554"]
[WhiteElo "1645"]
[LiveChessVersion "1.4.8"]

1. d4 {[%clk 1:30:56]} d5 {[%clk 1:30:38]} 2. c4 {[%clk 1:31:20]} e6
{[%clk 1:30:52]} 3. Nf3 {[%clk 1:31:30]} Be7 {[%clk 1:30:57]} 4. Nc3
{[%clk 1:31:54]} Nf6 {[%clk 1:29:44]} 5. Bf4 {[%clk 1:32:15]} c6 {[%clk 1:29:22]}
6. e3 {[%clk 1:32:20]} O-O {[%clk 1:29:07]} 7. Be2 {[%clk 1:32:26]} Bd6
{[%clk 1:19:10]} 8. Bxd6 {[%clk 1:32:07]} Qxd6 {[%clk 1:19:38]} 9. O-O
{[%clk 1:31:33]} Nbd7 {[%clk 1:16:09]} 10. Rc1 {[%clk 1:29:31]} Re8
{[%clk 1:15:49]} 11. Qb3 {[%clk 1:28:47]} dxc4 {[%clk 0:48:10]} 12. Bxc4
{[%clk 1:28:44]} c5 {[%clk 0:48:24]} 13. Rfd1 {[%clk 1:28:01]} cxd4
{[%clk 0:44:31]} 14. Nxd4 {[%clk 1:19:23]} Qe7 {[%clk 0:42:08]} 15. Ndb5
{[%clk 0:59:15]} Nc5 {[%clk 0:41:59]} 16. Qa3 {[%clk 0:51:05]} b6
{[%clk 0:35:04]} 17. b4 {[%clk 0:26:02]} Nb7 {[%clk 0:30:00]} 18. Qb3
{[%clk 0:24:13]} a6 {[%clk 0:23:27]} 19. Nd4 {[%clk 0:22:11]} b5 {[%clk 0:23:51]}
20. Be2 {[%clk 0:21:31]} Nd6 {[%clk 0:17:01]} 21. Bf3 {[%clk 0:18:54]} Bb7
{[%clk 0:17:30]} 22. a4 {[%clk 0:10:06]} Bxf3 {[%clk 0:15:52]} 23. Nxf3
{[%clk 0:09:21]} bxa4 {[%clk 0:12:24]} 24. Qxa4 {[%clk 0:08:04]} Nb5
{[%clk 0:11:03]} 25. Nxb5 {[%clk 0:06:47]} axb5 {[%clk 0:11:20]} 26. Qxb5
{[%clk 0:06:59]} Rab8 {[%clk 0:10:23]} 27. Qc5 {[%clk 0:06:40]} Rxb4
{[%clk 0:09:40]} 28. Qxe7 {[%clk 0:06:57]} Rxe7 {[%clk 0:10:09]} 29. Nd4
{[%clk 0:05:50]} Rbb7 {[%clk 0:04:56]} 30. Rc8+ {[%clk 0:05:24]} Re8
{[%clk 0:04:54]} 31. Rxe8+ {[%clk 0:05:40]} 1/2-1/2

[Event "PMPJ 2022 - C17"]
[Site "Jastrzebia Gora"]
[Date "2022.11.07"]
[Round "2.17"]
[White "Skrzypczynski, Kacper"]
[Black "Kuczmik, Pawel"]
[Result "1-0"]
[BlackElo "1426"]
[WhiteElo "1894"]
[LiveChessVersion "1.4.8"]

1. d4 {[%clk 1:30:57]} d6 {[%clk 1:30:53]} 2. g3 {[%clk 1:31:17]} e5
{[%clk 1:30:08]} 3. c3 {[%clk 1:31:21]} c6 {[%clk 1:29:57]} 4. Bg2
{[%clk 1:31:39]} Be7 {[%clk 1:30:01]} 5. e4 {[%clk 1:31:23]} f5 {[%clk 1:24:49]}
6. dxe5 {[%clk 1:31:29]} dxe5 {[%clk 1:25:17]} 7. Qxd8+ {[%clk 1:31:52]} Bxd8
{[%clk 1:25:32]} 8. Nf3 {[%clk 1:30:09]} Nf6 {[%clk 1:21:33]} 9. exf5
{[%clk 1:30:04]} O-O {[%clk 1:20:34]} 10. O-O {[%clk 1:30:22]} e4
{[%clk 1:14:21]} 11. Nd4 {[%clk 1:30:37]} c5 {[%clk 1:07:34]} 12. Ne6
{[%clk 1:30:59]} Bxe6 {[%clk 1:05:58]} 13. fxe6 {[%clk 1:31:25]} Re8
{[%clk 1:04:32]} 14. Bh3 {[%clk 1:31:33]} Nc6 {[%clk 1:04:18]} 15. Be3
{[%clk 1:28:56]} b6 {[%clk 1:01:55]} 16. Nd2 {[%clk 1:28:35]} Ne5
{[%clk 1:00:02]} 17. Bg2 {[%clk 1:28:46]} Rxe6 {[%clk 0:54:26]} 18. Nxe4
{[%clk 1:28:23]} Rb8 {[%clk 0:54:29]} 19. Nxf6+ {[%clk 1:13:21]} Rxf6
{[%clk 0:54:49]} 20. Bf4 {[%clk 1:13:46]} Bc7 {[%clk 0:52:50]} 21. Rfe1
{[%clk 1:14:06]} Re8 {[%clk 0:52:43]} 22. Re3 {[%clk 1:14:08]} Rf5
{[%clk 0:51:29]} 23. h4 {[%clk 1:10:13]} h6 {[%clk 0:49:18]} 24. h5
{[%clk 1:05:35]} Kf7 {[%clk 0:43:20]} 25. Rae1 {[%clk 1:04:26]} Kf6
{[%clk 0:42:42]} 26. Bh3 {[%clk 0:56:35]} Nf3+ {[%clk 0:26:44]} 27. Kf1
{[%clk 0:55:14]} Nd2+ {[%clk 0:20:27]} 28. Kg2 {[%clk 0:55:25]} Rxe3
{[%clk 0:19:56]} 29. Bxe3 {[%clk 0:55:31]} Nf3 {[%clk 0:18:19]} 30. Rd1
{[%clk 0:55:39]} Rxh5 {[%clk 0:17:47]} 31. Bg4 {[%clk 0:55:58]} Nh4+
{[%clk 0:17:46]} 32. Kf1 {[%clk 0:54:41]} Bxg3 {[%clk 0:17:14]} 33. Bxh5
{[%clk 0:55:04]} 1-0

[Event "PMPJ 2022 - C17"]
[Site "Jastrzebia Gora"]
[Date "2022.11.07"]
[Round "2.18"]
[White "Kietrys, Maciej"]
[Black "Sewera, Wiktor"]
[Result "1-0"]
[BlackElo "1425"]
[WhiteElo "1847"]
[LiveChessVersion "1.4.8"]

1. e4 {[%clk 1:30:57]} e6 {[%clk 1:30:54]} 2. d4 {[%clk 1:31:19]} d5
{[%clk 1:31:19]} 3. e5 {[%clk 1:31:00]} c5 {[%clk 1:31:42]} 4. c3
{[%clk 1:31:15]} Bd7 {[%clk 1:31:58]} 5. Nf3 {[%clk 1:31:30]} Qb6
{[%clk 1:32:09]} 6. Be2 {[%clk 1:28:35]} Bb5 {[%clk 1:31:54]} 7. O-O
{[%clk 1:27:59]} Bxe2 {[%clk 1:32:14]} 8. Qxe2 {[%clk 1:28:26]} Nc6
{[%clk 1:32:23]} 9. dxc5 {[%clk 1:27:41]} Bxc5 {[%clk 1:32:29]} 10. Nbd2
{[%clk 1:27:49]} Nh6 {[%clk 1:30:13]} 11. b4 {[%clk 1:22:57]} Be7
{[%clk 1:30:13]} 12. Nb3 {[%clk 1:23:03]} Nf5 {[%clk 1:27:04]} 13. g4
{[%clk 1:21:25]} Nh4 {[%clk 1:25:58]} 14. Nxh4 {[%clk 1:14:51]} Bxh4
{[%clk 1:26:20]} 15. Be3 {[%clk 1:13:07]} Qc7 {[%clk 1:22:11]} 16. f4
{[%clk 1:13:25]} g5 {[%clk 1:20:13]} 17. Nd4 {[%clk 0:55:10]} Nxd4
{[%clk 1:17:09]} 18. Bxd4 {[%clk 0:45:24]} Qc4 {[%clk 1:14:55]} 19. Qxc4
{[%clk 0:41:30]} dxc4 {[%clk 1:15:18]} 20. f5 {[%clk 0:41:45]} O-O
{[%clk 1:12:54]} 21. Bc5 {[%clk 0:37:27]} Rfe8 {[%clk 1:11:01]} 22. f6
{[%clk 0:29:43]} a5 {[%clk 1:06:03]} 23. b5 {[%clk 0:28:23]} b6 {[%clk 1:04:59]}
24. Be3 {[%clk 0:25:15]} Red8 {[%clk 1:01:52]} 25. Rfd1 {[%clk 0:24:46]} Rd3
{[%clk 1:01:05]} 26. Rxd3 {[%clk 0:22:16]} cxd3 {[%clk 1:01:29]} 27. Rd1
{[%clk 0:22:42]} Rd8 {[%clk 0:59:44]} 28. Bd4 {[%clk 0:21:27]} Rd5
{[%clk 0:58:21]} 29. a4 {[%clk 0:21:53]} h6 {[%clk 0:55:18]} 30. Kf1
{[%clk 0:21:08]} Kh7 {[%clk 0:54:48]} 31. Rxd3 {[%clk 0:21:34]} Kg6
{[%clk 0:54:50]} 32. Ke2 {[%clk 0:21:35]} h5 {[%clk 0:54:18]} 33. h3
{[%clk 0:22:04]} hxg4 {[%clk 0:54:13]} 34. hxg4 {[%clk 0:22:30]} Rd8
{[%clk 0:52:35]} 35. Bxb6 {[%clk 0:17:55]} Ra8 {[%clk 0:52:30]} 36. c4 1-0

[Event "PMPJ 2022 - C17"]
[Site "Jastrzebia Gora"]
[Date "2022.11.07"]
[Round "2.19"]
[White "Komisarski, Jerzy"]
[Black "Jozefik, Aleksander"]
[Result "0-1"]
[BlackElo "1616"]
[WhiteElo "1397"]
[LiveChessVersion "1.4.8"]

1. d4 {[%clk 1:29:53]} Nf6 {[%clk 1:30:46]} 2. Bg5 {[%clk 1:29:55]} e6
{[%clk 1:31:08]} 3. e4 {[%clk 1:30:17]} h6 {[%clk 1:31:20]} 4. Bxf6
{[%clk 1:30:39]} Qxf6 {[%clk 1:31:42]} 5. c3 {[%clk 1:30:55]} d5 {[%clk 1:31:01]}
6. e5 {[%clk 1:30:11]} Qd8 {[%clk 1:30:51]} 7. Bd3 {[%clk 1:28:24]} c5
{[%clk 1:30:15]} 8. Ne2 {[%clk 1:28:11]} Bd7 {[%clk 1:27:48]} 9. a3
{[%clk 1:20:14]} Nc6 {[%clk 1:23:09]} 10. b4 {[%clk 1:18:58]} cxd4
{[%clk 1:21:54]} 11. cxd4 {[%clk 1:19:13]} Qb6 {[%clk 1:22:04]} 12. Bc2
{[%clk 1:18:47]} a5 {[%clk 1:14:50]} 13. b5 {[%clk 1:17:11]} Qxb5
{[%clk 1:11:39]} 14. Nbc3 {[%clk 1:17:20]} Qb6 {[%clk 1:05:02]} 15. O-O
{[%clk 1:15:05]} Na7 {[%clk 0:54:54]} 16. f4 {[%clk 1:10:41]} g6 {[%clk 0:38:28]}
17. g4 {[%clk 1:08:20]} Qd8 {[%clk 0:37:21]} 18. Ng3 {[%clk 0:46:32]} Rc8
{[%clk 0:32:13]} 19. Qf3 {[%clk 0:41:03]} Qb6 {[%clk 0:19:31]} 20. Nge2
{[%clk 0:36:20]} Nb5 {[%clk 0:10:32]} 21. Rab1 {[%clk 0:33:27]} Rxc3
{[%clk 0:09:42]} 22. Nxc3 {[%clk 0:21:06]} Qxd4+ {[%clk 0:09:56]} 23. Kh1
{[%clk 0:20:57]} Qxc3 {[%clk 0:05:55]} 24. Bd3 {[%clk 0:20:00]} Nd4
{[%clk 0:05:32]} 25. Qe3 {[%clk 0:18:39]} Nb3 {[%clk 0:04:56]} 26. f5
{[%clk 0:16:56]} d4 {[%clk 0:04:42]} 27. Qg3 {[%clk 0:15:18]} Bc6+
{[%clk 0:02:39]} 28. Kg1 {[%clk 0:15:34]} Nd2 {[%clk 0:02:40]} 29. Rbc1
{[%clk 0:10:24]} Nxf1 {[%clk 0:02:11]} 30. Rxf1 {[%clk 0:10:21]} Qd2
{[%clk 0:00:54]} 31. fxg6 {[%clk 0:10:05]} fxg6 {[%clk 0:00:47]} 32. Bxg6+
{[%clk 0:10:22]} Kd7 {[%clk 0:01:13]} 33. Rf2 {[%clk 0:09:16]} Qe1+
{[%clk 0:01:32]} 34. Rf1 {[%clk 0:09:40]} Qxg3+ {[%clk 0:02:17]} 35. hxg3
{[%clk 0:10:34]} Bxa3 {[%clk 0:02:37]} 36. Rf7+ {[%clk 0:10:42]} Be7
{[%clk 0:03:00]} 0-1

[Event "PMPJ 2022 - C17"]
[Site "Jastrzebia Gora"]
[Date "2022.11.07"]
[Round "2.20"]
[White "Choina, Jan"]
[Black "Holynski, Szymon"]
[Result "1-0"]
[BlackElo "1355"]
[WhiteElo "1554"]
[LiveChessVersion "1.4.8"]

1. e4 {[%clk 1:30:57]} e5 {[%clk 1:30:52]} 2. Nf3 {[%clk 1:31:21]} Nc6
{[%clk 1:30:58]} 3. d4 {[%clk 1:31:20]} exd4 {[%clk 1:31:14]} 4. Bc4
{[%clk 1:31:18]} Nf6 {[%clk 1:28:40]} 5. O-O {[%clk 1:31:10]} Bc5
{[%clk 1:16:13]} 6. e5 {[%clk 1:29:18]} d5 {[%clk 1:11:44]} 7. exf6
{[%clk 1:22:36]} dxc4 {[%clk 1:12:04]} 8. Re1+ {[%clk 1:20:01]} Be6
{[%clk 1:09:25]} 9. fxg7 {[%clk 1:17:58]} Rg8 {[%clk 1:08:34]} 10. Ng5
{[%clk 1:17:20]} Qf6 {[%clk 1:07:02]} 11. Nxe6 {[%clk 1:16:00]} fxe6
{[%clk 1:07:01]} 12. Qh5+ {[%clk 1:15:19]} Qg6 {[%clk 1:06:41]} 13. Rxe6+
{[%clk 1:12:47]} Be7 {[%clk 1:04:54]} 14. Rxg6 hxg6 15. Qxg6+ {[%clk 1:11:31]}
Kd7 {[%clk 1:02:47]} 16. Qf5+ {[%clk 1:11:13]} Ke8 {[%clk 1:02:50]} 17. Bh6
{[%clk 1:10:13]} Nd8 {[%clk 1:02:03]} 18. Nd2 {[%clk 1:02:08]} Nf7
{[%clk 0:59:50]} 19. Qg6 {[%clk 0:59:39]} a5 {[%clk 0:49:11]} 20. Re1
{[%clk 0:56:55]} 1-0

[Event "PMPJ 2022 - C17"]
[Site "Jastrzebia Gora"]
[Date "2022.11.07"]
[Round "2.21"]
[White "Bekier, Piotr"]
[Black "Maciejewski, Adam"]
[Result "1-0"]
[BlackElo "1290"]
[WhiteElo "1548"]
[LiveChessVersion "1.4.8"]

1. d4 {[%clk 1:30:59]} e6 {[%clk 1:30:55]} 2. c4 {[%clk 1:31:24]} f5
{[%clk 1:31:22]} 3. Nc3 {[%clk 1:31:45]} Nf6 {[%clk 1:31:47]} 4. Bg5
{[%clk 1:31:50]} Be7 {[%clk 1:32:06]} 5. Bxf6 {[%clk 1:31:10]} Bxf6
{[%clk 1:32:27]} 6. e4 {[%clk 1:31:35]} fxe4 {[%clk 1:30:06]} 7. Nxe4
{[%clk 1:32:02]} O-O {[%clk 1:29:16]} 8. Nf3 {[%clk 1:30:56]} Kh8
{[%clk 1:25:12]} 9. Bd3 {[%clk 1:25:18]} Na6 {[%clk 1:21:37]} 10. O-O
{[%clk 1:13:04]} c5 {[%clk 1:14:05]} 11. dxc5 {[%clk 1:12:35]} Bxb2
{[%clk 1:11:31]} 12. Nfg5 {[%clk 1:10:36]} g6 {[%clk 1:01:26]} 13. Rb1
{[%clk 0:56:00]} Bd4 {[%clk 0:59:09]} 14. Qg4 {[%clk 0:54:31]} Qe7
{[%clk 0:52:49]} 15. Qh4 {[%clk 0:53:47]} Qg7 {[%clk 0:48:37]} 16. Nd6
{[%clk 0:45:46]} Bxc5 {[%clk 0:43:38]} 17. Nge4 {[%clk 0:34:26]} Qd4
{[%clk 0:37:03]} 18. Qe7 {[%clk 0:26:37]} Kg8 {[%clk 0:28:49]} 19. Ng5
{[%clk 0:16:45]} Qh4 {[%clk 0:25:17]} 20. g3 {[%clk 0:13:21]} Bxd6
{[%clk 0:17:23]} 21. Qxf8+ {[%clk 0:13:20]} Bxf8 {[%clk 0:17:34]} 22. gxh4
{[%clk 0:13:45]} Nc5 {[%clk 0:17:00]} 23. Bc2 {[%clk 0:12:43]} b6
{[%clk 0:15:34]} 24. h5 {[%clk 0:12:11]} h6 {[%clk 0:15:04]} 25. Ne4
{[%clk 0:12:37]} g5 {[%clk 0:14:49]} 26. f4 {[%clk 0:10:56]} Bb7 {[%clk 0:14:24]}
27. Rbe1 {[%clk 0:11:21]} Be7 {[%clk 0:13:13]} 28. fxg5 {[%clk 0:10:58]} hxg5
{[%clk 0:13:24]} 29. h6 {[%clk 0:11:09]} Rf8 {[%clk 0:11:07]} 30. Rxf8+
{[%clk 0:09:18]} Bxf8 {[%clk 0:11:22]} 31. h7+ {[%clk 0:06:50]} 1-0

[Event "PMPJ 2022 - C17"]
[Site "Jastrzebia Gora"]
[Date "2022.11.07"]
[Round "2.22"]
[White "Szafranski, Maciej"]
[Black "Kreciglowa, Kamil"]
[Result "1/2-1/2"]
[BlackElo "1282"]
[WhiteElo "1511"]
[LiveChessVersion "1.4.8"]

1. e4 {[%clk 1:30:56]} c6 {[%clk 1:30:55]} 2. d4 {[%clk 1:31:02]} d5
{[%clk 1:31:22]} 3. Nc3 {[%clk 1:31:27]} dxe4 {[%clk 1:31:45]} 4. Nxe4
{[%clk 1:31:53]} Bf5 {[%clk 1:31:53]} 5. Ng3 {[%clk 1:31:16]} Bg6
{[%clk 1:32:08]} 6. h4 {[%clk 1:29:27]} h6 {[%clk 1:31:57]} 7. Nf3
{[%clk 1:29:33]} Nd7 {[%clk 1:31:57]} 8. h5 {[%clk 1:27:55]} Bh7 {[%clk 1:32:21]}
9. Bd3 {[%clk 1:27:55]} Bxd3 {[%clk 1:31:59]} 10. Qxd3 {[%clk 1:28:20]} e6
{[%clk 1:31:22]} 11. Bd2 {[%clk 1:25:19]} Ngf6 {[%clk 1:29:52]} 12. O-O-O
{[%clk 1:22:57]} Bd6 {[%clk 1:27:37]} 13. Ne4 {[%clk 1:21:50]} Nxe4
{[%clk 1:25:51]} 14. Qxe4 {[%clk 1:22:14]} Nf6 {[%clk 1:26:07]} 15. Qe2
{[%clk 1:22:32]} O-O {[%clk 1:25:58]} 16. Ne5 {[%clk 1:22:40]} Qc7
{[%clk 1:21:56]} 17. Nd3 {[%clk 1:13:44]} b5 {[%clk 1:16:12]} 18. g4
{[%clk 1:14:04]} Nd5 {[%clk 1:14:47]} 19. g5 {[%clk 1:12:01]} Nf4
{[%clk 1:10:11]} 20. Nxf4 {[%clk 1:12:19]} Bxf4 {[%clk 1:10:36]} 21. gxh6
{[%clk 1:12:42]} Bxh6 {[%clk 1:10:23]} 22. Bxh6 {[%clk 1:12:58]} gxh6
{[%clk 1:10:47]} 23. Rdg1+ {[%clk 1:10:15]} Kh8 {[%clk 1:09:37]} 24. Qe3
{[%clk 1:05:59]} Kh7 {[%clk 1:09:13]} 25. Qe4+ {[%clk 1:02:15]} Kh8
{[%clk 1:08:57]} 26. Rg2 {[%clk 0:52:15]} Rg8 {[%clk 1:03:13]} 27. Rhg1
{[%clk 0:47:36]} Rxg2 {[%clk 0:55:18]} 28. Rxg2 {[%clk 0:46:30]} Rg8
{[%clk 0:50:00]} 29. Rxg8+ {[%clk 0:45:45]} Kxg8 {[%clk 0:50:19]} 30. b3
{[%clk 0:44:49]} Kf8 {[%clk 0:35:48]} 31. Kb1 {[%clk 0:36:41]} Qd6
{[%clk 0:28:43]} 32. Qg4 {[%clk 0:34:36]} 1/2-1/2

[Event "PMPJ 2022 - C17"]
[Site "Jastrzebia Gora"]
[Date "2022.11.07"]
[Round "2.23"]
[White "Grochowski, Adam"]
[Black "Jedrzejczak, Michal"]
[Result "1/2-1/2"]
[BlackElo "1503"]
[WhiteElo "1204"]
[LiveChessVersion "1.4.8"]

1. c4 Nf6 2. g3 g6 3. Bg2 Bg7 4. Nf3 O-O 5. O-O d6 6. Nc3 c5 7. Rb1 Nc6 8. a3 Bd7
9. b4 cxb4 10. axb4 Ne8 11. Qc2 Rc8 12. d3 a6 13. b5 axb5 14. Rxb5 Na5 15. Rb4 b5
16. Nxb5 d5 17. Na3 dxc4 18. Nxc4 Nd6 19. Qa2 Ndxc4 20. dxc4 Bc3 21. Rb1 Nxc4 22.
Bh6 Bg7 23. Bxg7 Kxg7 24. Rfd1 Nd6 25. h4 Bf5 26. Rb4 Qc7 27. Nd4 Qc5 28. Qb2 Qc3
29. Nxf5+ Nxf5 30. Qxc3+ Rxc3 31. Rb7 Kf6 32. Bf3 Nd6 33. Rb4 Rfc8 34. Rf4+ Kg7
35. Rfd4 Rc2 36. R4d2 Nb5 37. Rxc2 Rxc2 38. Rd7 Kf6 39. g4 Ke6 40. Rd8 Kf6 41.
Rh8 Kg7 42. Re8 e6 43. Kg2 Rc4 44. Rd8 Rd4 45. Rxd4 Nxd4 46. e3 Nb5 47. Kg3 Nd6
48. Bc6 f5 49. g5 e5 50. f3 h6 51. Bd5 hxg5 52. hxg5 f4+ 53. exf4 Nf5+ 54. Kf2
exf4 55. Be4 Kf7 56. Kg2 Kg7 57. Kh3 Ne3 1/2-1/2

[Event "PMPJ 2022 - C17"]
[Site "Jastrzebia Gora"]
[Date "2022.11.07"]
[Round "2.24"]
[White "Witkowski, Jedrzej"]
[Black "Mazurek, Mateusz"]
[Result "1-0"]
[BlackElo "1189"]
[WhiteElo "1463"]
[LiveChessVersion "1.4.8"]

1. e4 {[%clk 1:30:54]} c5 {[%clk 1:30:51]} 2. Nf3 {[%clk 1:31:19]} Nc6
{[%clk 1:31:16]} 3. d4 {[%clk 1:31:45]} cxd4 {[%clk 1:31:40]} 4. Nxd4
{[%clk 1:32:09]} e5 {[%clk 1:31:57]} 5. Nb5 {[%clk 1:32:31]} d6 {[%clk 1:32:19]}
6. N1c3 {[%clk 1:32:37]} a6 {[%clk 1:32:38]} 7. Na3 {[%clk 1:32:55]} Be6
{[%clk 1:30:26]} 8. Nd5 {[%clk 1:24:06]} b5 {[%clk 1:27:49]} 9. Be3
{[%clk 1:21:40]} Nf6 {[%clk 1:20:45]} 10. Bb6 {[%clk 1:14:52]} Qb8
{[%clk 1:11:34]} 11. Nc7+ {[%clk 1:15:02]} Kd7 {[%clk 1:09:55]} 12. Nxa8
{[%clk 1:14:44]} Qxa8 {[%clk 1:10:18]} 13. f3 {[%clk 1:14:06]} Qb7
{[%clk 1:06:42]} 14. Bf2 {[%clk 1:09:37]} Be7 {[%clk 1:05:21]} 15. Be2
{[%clk 1:08:52]} Rc8 {[%clk 1:04:16]} 16. O-O {[%clk 1:03:51]} Ke8
{[%clk 1:02:32]} 17. c4 {[%clk 0:50:38]} b4 {[%clk 0:47:34]} 18. Nc2
{[%clk 0:48:04]} Nd7 {[%clk 0:45:41]} 19. b3 {[%clk 0:46:27]} f5 {[%clk 0:42:52]}
20. exf5 {[%clk 0:45:35]} Bxf5 {[%clk 0:43:09]} 21. Bd3 {[%clk 0:45:48]} Bg6
{[%clk 0:35:19]} 22. Bxg6+ {[%clk 0:45:33]} hxg6 {[%clk 0:35:18]} 23. Qd3
{[%clk 0:45:52]} Kf7 {[%clk 0:35:37]} 24. Qd5+ {[%clk 0:41:36]} Kf8
{[%clk 0:33:30]} 25. Rad1 {[%clk 0:36:56]} Nf6 {[%clk 0:28:50]} 26. Qd3
{[%clk 0:34:46]} Kf7 {[%clk 0:27:33]} 27. Ne3 {[%clk 0:34:10]} Nd4
{[%clk 0:24:12]} 28. Ng4 {[%clk 0:32:46]} Ne6 {[%clk 0:18:24]} 29. Be3
{[%clk 0:27:38]} Rh8 {[%clk 0:16:30]} 30. Nf2 {[%clk 0:23:46]} Qa8
{[%clk 0:13:56]} 31. Ne4 {[%clk 0:23:15]} Rd8 {[%clk 0:08:47]} 32. Ng5+
{[%clk 0:20:45]} Nxg5 {[%clk 0:09:04]} 33. Bxg5 {[%clk 0:21:11]} Qa7+
{[%clk 0:07:13]} 34. Kh1 {[%clk 0:20:30]} Rh8 {[%clk 0:04:48]} 35. Bxf6
{[%clk 0:17:28]} Kxf6 {[%clk 0:04:44]} 36. f4 {[%clk 0:17:30]} 1-0

[Event "PMPJ 2022 - C17"]
[Site "Jastrzebia Gora"]
[Date "2022.11.07"]
[Round "2.26"]
[White "Borzecki, Jakub"]
[Black "Haluja, Wiktor"]
[Result "0-1"]
[BlackElo "1435"]
[WhiteElo "1179"]
[LiveChessVersion "1.4.8"]

1. d4 Nf6 2. c4 e6 3. Nf3 b6 4. Nc3 Bb7 5. Bg5 h6 6. Bh4 Be7 7. e3 d5 8. cxd5
Nxd5 9. Bxe7 Qxe7 10. Rc1 O-O 11. Bd3 Rd8 12. Bb1 c5 13. Nxd5 Rxd5 14. Qc2 g6 15.
h4 cxd4 16. exd4 Nc6 17. h5 Nxd4 18. Nxd4 Rxd4 19. hxg6 Rc8 20. gxf7+ Kf8 21.
Qxc8+ Bxc8 22. Rxc8+ Kxf7 23. Rxh6 Qb4+ 24. Rc3 Rg4 25. Kf1 Rc4 26. a3 Qc5 27.
Rf3+ Ke7 28. Rh7+ Kd6 29. Ba2 Rc1+ 30. Ke2 Qc2+ 0-1

[Event "PMPJ 2022 - C17"]
[Site "Jastrzebia Gora"]
[Date "2022.11.07"]
[Round "2.27"]
[White "Bujnowski, Adam"]
[Black "Mazus, Jakub"]
[Result "0-1"]
[BlackElo "1430"]
[WhiteElo "1130"]
[LiveChessVersion "1.4.8"]

1. Nf3 Nf6 2. c4 e6 3. g3 d5 4. Bg2 Be7 5. O-O O-O 6. Qc2 Nbd7 7. b3 b6 8. Bb2
Bb7 9. d3 c5 10. cxd5 Nxd5 11. a3 Bf6 12. Nc3 Rc8 13. Nb5 Ra8 14. Nd6 Ba6 15. e4
Bxb2 16. Qxb2 Ne7 17. Rfd1 Qc7 18. e5 Rad8 19. d4 cxd4 20. Rac1 Qb8 21. Nxd4 Nxe5
22. Nxe6 Rxd6 23. Nxf8 Rxd1+ 24. Rxd1 Nd3 25. Rxd3 Bxd3 26. Qd4 Bb5 27. Nd7 Qc7
28. Bh3 Qc1+ 29. Kg2 Qf1+ 30. Kf3 Qxh3 31. Nf6+ gxf6 32. Qd8+ Kg7 33. Qxe7 Bc6+
34. Ke3 Qe6+ 0-1